| 000 | 00758cam a2200265 4500 | ||
|---|---|---|---|
| 008 | 090401t1997 xxu||||| |||| 00| 0 eng d | ||
| 020 | _a0333674707 | ||
| 035 | _a(Sirsi) u80074 | ||
| 041 | _aeng | ||
| 050 | _a333.33 | ||
| 100 | _aEdington, Gordon | ||
| 245 | _aProperty management: a customer focused approach. | ||
| 260 |
_aBasingstoke, Hants _bMacMillan Press _c1997 |
||
| 300 | _axvi,202p. ; 24cm. | ||
| 350 | _a25 | ||
| 490 | _aMacmillan Building and Surveying Series | ||
| 650 | _aBENCHMARKING | ||
| 650 | _aMANAGEMENT-BUSINESS MANAGEMENT-INFORMATION MANAGEMENT | ||
| 650 | _aMARKETING | ||
| 650 | _aPARTNERSHIPS | ||
| 650 |
_aProperty management _96262 |
||
| 690 | _aPROPERTY LAW AND PRACTICE | ||
| 942 | _n0 | ||
| 948 | _c05/08/1997 | ||
| 999 |
_c96583 _d96583 |
||